000 00381nam a2200169Ia 4500
001 19230
003 GE_BSU
008 181216s||||||||xx |||||||||||||| ||und||
040 _cGE_BSU
245 _aLe Point №2280. 19 mai. 2016.
260 _aParis
260 _c2016
300 _a99p,il,col,27cm.
653 _aLe Point
653 _aპერიოდიკა
942 _cCR
999 _c52222
_d52222